000 00729nam a2200289Ia 4500
005 20260324112722.0
008 008 260324s9999 xx 000 0 eng d
020 _a9781003107910
037 _aEBOOK
040 _aCRL
040 _beng
040 _cCRL
041 _2eng
041 _aeng
084 _qCRL
100 _aAlexander Meduna; Zbyněk Křivka
_91143866
245 0 _aJumping Computation
245 0 _bUpdating Automata and Grammars for Discontinuous Information Processing
260 _bTaylor and Francis
260 _c2024
365 _a
365 _b320
856 _uhttp://www.taylorfrancis.com/books/9781003107910
942 _cEBOOK
999 _c1733179
_d1733179